| 000 | 01382nam a2200325 i 4500 | ||
|---|---|---|---|
| 003 | DO-SdBNP | ||
| 005 | 20250609110319.0 | ||
| 007 | ta | ||
| 008 | 250528b2024 dr ||||| |||| 00| 0 spa d | ||
| 020 | _a9789945223934 | ||
| 040 |
_aDO-SdBNP _bspa _cBNPHU _erda |
||
| 082 | 4 |
_a155.2 _bD919m 2024 _222 |
|
| 100 | 1 |
_aDunker L., José, _d1943- _eautor _4aut. _91027 |
|
| 245 | 1 | 0 |
_aMarco 3D / _cJosé Dunker L. ; prólogo, Vicente Santana Valencio. |
| 250 | _aTercera edición | ||
| 264 |
_aSanto Domingo : _bEditora Búho, _c2024. |
||
| 300 |
_a266 páginas ; _c23 cm. |
||
| 336 |
_atexto _btxt _2rdacontent |
||
| 337 |
_asin mediación _bn _2rdamedia |
||
| 338 |
_avolumen _bnc _2rdacarrier |
||
| 500 | _aIncluye datos biográficos del autor en la solapa de la portada. | ||
| 504 | _aBibliografía: páginas 235-266 | ||
| 505 | _aPrólogo -- Introducción -- La nueva psicología -- La nueva psicopatología -- La nueva psicoterapia -- Aplicación a otras disciplinas | ||
| 520 | _aVergüenza, miedo y culpa como sentimientos responsables de los trastornos mentales; tres factores responsables de los trastornos, y tres salidas efectivas para enfrentarlos. | ||
| 590 | _aInventariado, 2025/ YL | ||
| 650 | 4 |
_aPsicología _9152 |
|
| 700 | 1 |
_aSantana Valencio, Vicente, _eprologuista _4pr. _988021 |
|
| 910 | _aYLockward. Validado. Control de Calidad/ MAA | ||
| 942 |
_2ddc _cLBS1 |
||
| 999 |
_c58544 _d58544 |
||